La paloma embustera /
שמור ב:
| מחבר ראשי: | |
|---|---|
| פורמט: | ספר |
| שפה: | ספרדית |
| יצא לאור: |
Buenos Aires, Argentina :
Hachette,
1951
|
| סדרה: | (Biblioteca de Bolsillo Hachette ; Serie Naranja)
176. |
| נושאים: | |
| תגים: |
אין תגיות, היה/י הראשונ/ה לתייג את הרשומה!
|
MARC
| LEADER | 00000nam^a2200000^a^4500 | ||
|---|---|---|---|
| 001 | 000597107 | ||
| 005 | 20250521000000.0 | ||
| 009 | 20260310133119.299 | ||
| 037 | |a Acervo ITESO - Biblioteca | ||
| 041 | |a ESP | ||
| 082 | |a 813. |b TUC | ||
| 100 | |a Tucker, Wilson |e (autor) | ||
| 245 | 1 | 3 | |a La paloma embustera / |c W. Tucker ; tr. por J.I. Leroth. |
| 264 | 4 | |a Buenos Aires, Argentina : |b Hachette, |c 1951 | |
| 300 | |a 168 p. | ||
| 336 | |a texto |b txt |2 rdacontenido | ||
| 337 | |a sin mediación |b n |2 rdamedio | ||
| 338 | |a volumen |b nc |2 rdasoporte | ||
| 440 | 1 | |a (Biblioteca de Bolsillo Hachette ; |v 176. |p Serie Naranja) | |
| 500 | |a Traducción de: The Dove | ||
| 545 | 0 | |a Arthur Wilson "Bob" Tucker (1914-2006) fue un técnico electricista de teatros, y también un escritor de misterio, acción, aventura y ciencia ficción norteamericano; reconocido por su activa participación en el mundo de los aficionados a la ciencia ficción como crítico literario y como articulista; se le considera el acuñador de la expresión "space opera": por más de sesenta años publicó la revista de aficionados o fanzine Le Zombie, aunque de manera intermitente. Escribió algunos cuentos y novelas y obtuvo varios premios, entre ellos en Retro Hugo y el John W. Campbell Memorial (1976). Hay quien lo considera como un escritor menor, pero su obra es bastante entretenida, con excelentes diálogos, ágiles y profundos. Algunas de sus obras son: The Long Loud Silence (1952); The Time Masters (1953); Time Bomb (1955); The Lincoln Hunters (1958) y The Year of the Quiet Sun (1970). | |
| 649 | |a XX | ||
| 650 | |a Novela Norteamericana | ||
| 650 | |a Literatura Policíaca y de Misterio | ||
| 650 | |a Literatura Norteamericana - |y Siglo XX | ||
| 910 | |a Fondo Castillo-Martínez | ||
| 920 | |a Impresos - Libros | ||
| 930 | |a Fondos Especiales | ||
| 940 | |a Literatura | ||
| 905 | |a 127 | ||
| 901 | |a 597145-10 |b IT2 |c ESP |i D128092 |u 20250521 | ||
| 902 | |a https://opac.biblio.iteso.mx/vufind/Record/000597107 | ||